ՀՀ Գիտությունների ազգային ակադեմիայի հիմնարար գիտական գրադարան  =   Fundamental Scientific Library of NAS RA

Ճագարամուկը : (Record no. 187494)

MARC details
000 -LEADER
fixed length control field 00806nam a2200217 u 4500
003 - CONTROL NUMBER IDENTIFIER
control field AM-YeHGA
040 ## - CATALOGING SOURCE
Original cataloging agency AM-YeHGA
090 ## - LOCALLY ASSIGNED LC-TYPE CALL NUMBER (OCLC); LOCAL CALL NUMBER (RLIN)
-- 188960
001 - CONTROL NUMBER
control field 000505722
005 - DATE AND TIME OF LATEST TRANSACTION
control field 20250618072703.0
008 - FIXED-LENGTH DATA ELEMENTS--GENERAL INFORMATION
fixed length control field 061025s1927 ai r 000 0 arm d
041 0# - LANGUAGE CODE
Language code of text/sound track or separate title arm
100 1# - MAIN ENTRY--PERSONAL NAME
Personal name Գաբրիելյան, Ռուբեն Բալասիի,
Dates associated with a name 1888-1968
9 (RLIN) 1849
245 10 - TITLE STATEMENT
Title Ճագարամուկը :
Remainder of title Բզեզների յետևից : (Կենդանաբանական զրույցներ) /
Statement of responsibility, etc. Ռ. Գաբրիելյան.
246 31 - VARYING FORM OF TITLE
Title proper/short title Բզեզների յետեվից
260 ## - PUBLICATION, DISTRIBUTION, ETC.
Place of publication, distribution, etc. Յերևան :
Name of publisher, distributor, etc. Պետհրատ,
Date of publication, distribution, etc. 1927.
300 ## - PHYSICAL DESCRIPTION
Extent 28 էջ :
Other physical details նկ. ;
Dimensions 22 սմ.
440 #0 - SERIES STATEMENT/ADDED ENTRY--TITLE
Title Պատանեկան գրադարան :
Name of part/section of a work Բնագիտական սերիա
Volume/sequential designation 7
650 14 - SUBJECT ADDED ENTRY--TOPICAL TERM
Topical term or geographic name entry element Կենդանաբանություն
9 (RLIN) 5185
942 ## - ADDED ENTRY ELEMENTS (KOHA)
Source of classification or shelving scheme Universal Decimal Classification
Koha item type Գրքեր / Books
Holdings
Withdrawn status Lost status Damaged status Not for loan Collection Home library Current library Date acquired Cost, normal purchase price Total checkouts Full call number Barcode Date last seen Price effective from Koha item type Public note Source of classification or shelving scheme
        General Fundamental Scientific Library Fundamental Scientific Library 28/12/2016 8.00   AII/24113 FL0002279 28/12/2016 28/12/2016 Գրքեր / Books 30 Days Loan  
        Kusikian Individual Collection Fundamental Scientific Library Fundamental Scientific Library 02/07/2020     Կուս/658 FL0624446 02/07/2020 02/07/2020 Գրքեր / Books ILL Non-Circ. Universal Decimal Classification


ՀՀ ԳԱԱ հիմնարար գիտական գրադարան
ՀՀ,Երևան 0019
Մարշալ Բաղրամյան 24/6
հեռախոս:(374-10) 52-47-50
Հետադարձ կապ

All site content, except where otherwise noted, is licensed under a
Creative Commons License